Dragon Quest- Les différentes sortes de Gluants - Statistiques

Statistiques générales
  • Ce quiz a été pris 59 fois
  • Le résultat moyen est 13 sur 40
Statistiques - réponses
Types de Gluants dans Dragon Quest % Correct
Gluant
100%
Gluant de métal
94%
Gluante
94%
Roi gluant
94%
Gluant de mercure
85%
Roi gluant de métal
81%
Gluanbulle
62%
Monte-gluant
60%
Guérigluant
56%
Médigluant
56%
Aggluantin
50%
Monte-gluant de métal
44%
Roi guérigluant
40%
Gigluant
38%
Gigluante
37%
Gluandor
33%
Monte-gluancien
29%
Vampigluant
27%
Gluancien
25%
Gluant de crin
23%
Gluangélique
21%
Monte-vampigluant
19%
Métaggluantin
13%
Canzer
12%
Gluant ténérium
12%
Gluampereur de métal
10%
Gluant noir
10%
Aggluandor
8%
Gluantibio
8%
Monte-gluancêtre
8%
Bijou royal en platine
6%
Coagluant
6%
Gluanuyeux
6%
Gluanzer
6%
Superslurp
6%
Nemeslurp
4%
Slurpierre
4%
Sorciglu
4%
Gluant piquant
0%
Monte-gluantique
0%
Aucun quiz correspondant
Distribution des résultats
% des personnes avec chaque résultat
Percentile par nombre de réponses
Votre historique - résultats
Vous n’avez pas pris ce quiz